<?xml version="1.0" encoding="UTF-8"?>
<collection xmlns="http://www.loc.gov/MARC21/slim">
 <record>
  <leader>01288nam a2200193 a 4500</leader>
  <controlfield tag="001">1/35776</controlfield>
  <controlfield tag="008">081104s1983    gr       b    10010 gre d</controlfield>
  <datafield tag="035" ind1=" " ind2=" ">
   <subfield code="l">38294</subfield>
  </datafield>
  <datafield tag="040" ind1=" " ind2=" ">
   <subfield code="a">GR-PeUP</subfield>
  </datafield>
  <datafield tag="082" ind1="0" ind2="0">
   <subfield code="a">303.6 ΣΥΜ</subfield>
  </datafield>
  <datafield tag="111" ind1="2" ind2=" ">
   <subfield code="a">Συμπόσιο Αθηνών</subfield>
   <subfield code="n">(2ο :</subfield>
   <subfield code="d">1981 :</subfield>
   <subfield code="c">Πολεμικό Μουσείο, Αθήνα)</subfield>
  </datafield>
  <datafield tag="245" ind1="1" ind2="3">
   <subfield code="a">2ο Συμπόσιο Αθηνών (1981) &quot;Η σύγκρουσις&quot; :</subfield>
   <subfield code="b">εργασίες του Συμποσίου από 28 μέχρι 30 Σεπτεμβρίου 1981 στο Πολεμικό Μουσείο /</subfield>
   <subfield code="c">Διοργανωμένο από την Έδρα Δημοσίου Δικαίου της Ανωτάτης Βιομηχανικής Σχολής Πειραιώς.</subfield>
  </datafield>
  <datafield tag="260" ind1=" " ind2=" ">
   <subfield code="a">Αθήναι :</subfield>
   <subfield code="b">Ανώτατη Βιομηχανική Σχολή Πειραιώς,</subfield>
   <subfield code="c">1983.</subfield>
  </datafield>
  <datafield tag="300" ind1=" " ind2=" ">
   <subfield code="a">248 σ. ;</subfield>
   <subfield code="c">24 εκ.</subfield>
  </datafield>
  <datafield tag="504" ind1=" " ind2=" ">
   <subfield code="a">Περιέχει βιβλιογραφικές αναφορές.</subfield>
  </datafield>
  <datafield tag="546" ind1=" " ind2=" ">
   <subfield code="a">Κείμενο σε ελληνικά και γαλλικά.</subfield>
  </datafield>
  <datafield tag="650" ind1=" " ind2="4">
   <subfield code="a">Συγκρούσεις (Κοινωνιολογία)</subfield>
  </datafield>
  <datafield tag="710" ind1="2" ind2=" ">
   <subfield code="a">Ανωτάτη Βιομηχανική Σχολή Πειραιώς.</subfield>
  </datafield>
  <datafield tag="852" ind1=" " ind2=" ">
   <subfield code="a">INST</subfield>
   <subfield code="b">UNIPILB</subfield>
   <subfield code="c">MAIN</subfield>
   <subfield code="e">20081104</subfield>
   <subfield code="h">303.6 ΣΥΜ</subfield>
   <subfield code="p">00156641</subfield>
   <subfield code="q">00156641</subfield>
   <subfield code="t">LOAN</subfield>
   <subfield code="y">0</subfield>
   <subfield code="4">1</subfield>
  </datafield>
 </record>
</collection>
